000 01072nam a22003017a 4500
001
003 DO-SdBNP
005 20220308114438.0
007 ta
008 211116b2018 a|||e |||| 001 0dspa d
020 _a9789945580587
040 _aDO-SdBNP
_bspa
_cBNPHU
082 4 _a347.05
_bH557i
_222
100 1 _910463
_aHernández, Pedro Pablo
245 1 4 _aLos incidentes del proceso civil /
_cPedro Pablo Hernández ; editor Lennys Tejada Betancourt.
260 _aSantiago de los Caballeros :
_bUAPA,
_c2018.
300 _a255 p. :
_bil. ;
_c27 cm.
490 0 _aAutoaprendizaje ;
_v13
500 _aIncluye datos biográficos del autor en la contracubierta
504 _aBibliografía : p. 262-263
590 _aInventariado, 2021 / SA
650 1 4 _aProceso civil
_916042
700 1 _aTejada Betancourt, Lennys ,
_eed.
_979591
710 1 _aUniversidad Abierta para Adultos (Santiago de los Caballeros, República Dominicana)
_981179
830 0 _aAutoaprendizaje ;
_n13
_981240
910 _aSaquino/Validado. Control de calidad MFF
942 _2ddc
_cLBS1
999 _c50974
_d50974